000 01384cam a22003011 4500
001 gs 51000251
003 DLC
005 20260227111358.0
008 790629s1951 dcuab b f000 0 eng c
010 _ags 51000251
035 _a(OCoLC)5122670
040 _aU.S. Geol. Survey. Library.
_cNIC
_dNIC
_dOCoLC
_dDLC
042 _apremarc
050 0 0 _aQE75
_b.C5 no. 114
082 _a551.49
100 1 _aMcGuinness, C. L.
_q(Charles Lee),
_d1914-
245 1 4 _aThe water situation in the United States with special reference to ground water,
_bwith a summary of the current water situation by States based on data supplied by field offices of the Water Resources Division.
260 _aWashington
_c[1951]
300 _a138, 127 p.
_bmaps, diagrs.
_c27 cm.
490 1 _aGeological Survey circular,
_v114
500 _a"Adapted from a report prepared for the President's Water Resources Policy Commission."
500 _a"This report constitutes appendixes B and C of a report prepared in April 1950 by the Geological Survey ... entitled 'Water facts in relation to a national water-resources policy.'"
504 _a"Selected reading list": p. 135-138.
650 0 _aGroundwater
_zUnited States.
650 0 _aWater-supply
_zUnited States.
710 1 _aUnited States.
_bWater Resources Policy Commission.
810 1 _aUnited States.
_bGeological Survey.
_tCircular ;
_v114.
999 _c28582
_d28582